Регионална библиотека "Любен Каравелов" - Русе

Битката за Рим (Запис номер 63754)

MARC детайли
000 -Лидер
Контролно поле с фиксирана дължина 01453nam a2200361 c 4500
003 - Код на организацията, давaща контролен номер
Контролно поле BLK
005 - Дата и час на последна редакция
Контролно поле 20250228133408.0
008 - Елементи от данни с фиксирана дължина
fixed length control field 180408b bul|||||r ||||||| ||bul||
010 ## - Наследен системен номер
LC control number KNG00068013000
020 ## - Международен стандартен номер на книга ISBN
Международен стандартен номер на книга ISBN 954-361-003-7
-- издат.: Ирина Галчовска-Гея-11
040 ## - Източник на каталожния запис
Идентификатор на билиотеката - собственик на записа BLK
041 ## - Код за език
Код за езика на текст/звукозапис или на отделно заглавие Български
Код за езика КДБФ Български
080 ## - УДК
Текстов определител УДК Немска литература
УДК код - определител по УДК 821.112.2
УДК определител -311.6
УДК - код + определител 821.112.2-311.6
100 1# - Редна дума - Автор
Автор Дан, Феликс
Авторска отговорност първи автор
R(LIN) 291603
139 ## - Редно поле
Редна дума Дан, Феликс
Авторски знак Дан - Д 16
245 10 - Сведения за заглавието
Заглавие Битката за Рим
Подзаглавни данни Роман
Редно поле (дума) Феликс Дан; прев. от нем. Мариан Петров.
257 ## - Страна на издаване
Страна на създаване/издаване Германия
260 ## - Област на издателските данни
-- Добрич
Име на издателя, разпространителя и проч. Ирина Галчовска-Гея-11
Година на издаване 2006
300 ## - Физическа характеристика
Страници 444 с.
Размери/Мащаб 20 см
380 ## - Жанр
Жанр Худож. лит.
490 1# - СЕРИИ (Колекции)
Име на серия Библиотека Посоки
490 1# - СЕРИИ (Колекции)
-- Подсерия
Име на серия Поредица Исторически романи
500 ## - Общи забележки
Забележка Ориг. загл. Kampf um Pom / Felix Dahn. - На загл. с. местоизд. означено София. - Офс. изд.
651 #4 - Допълнително описание по предмет - топоним
Географско понятие Древен Рим
9 (RLIN) 254522
653 ## - Ключова дума – ненормативна
Ключова дума исторически романи
700 1# - Други автори (авторска отговорност)
Лично име Петров, Мариан
Автороска отговорност (Описва отношението между автора и произведението) прев. от нем.
9 (RLIN) 370312
852 ## - Местоположение
Форматна сигнатура Цб 229116
856 4# - Електронен адрес и достъп
Електронен формат pdf - файл
Път до файла /url/
856 4# - Електронен адрес и достъп
Електронен формат pdf - файл
Път до файла /url/
942 ## - АРТИКУЛИ
Вид на библиотечния материал Книги
Скрит в OPAC Не
Koha issues (borrowed), all copies 14
944 ## - СЪЗДАВАНЕ И РЕДАКЦИЯ на ЗАПИСА
Създаване/Редакция Създаване
Дата на регистрацията/редакция 19.09.2006
Служител, извършил регистрацията/редакцията 30535
Статус, дата на статуса Христина Везирева
944 ## - СЪЗДАВАНЕ И РЕДАКЦИЯ на ЗАПИСА
Създаване/Редакция Редакция
Дата на регистрацията/редакция 25.10.2008
Служител, извършил регистрацията/редакцията
999 ## - СИСТЕМНИ КОНТРОЛНИ НОМЕРА
Koha biblionumber 63754
Koha biblioitemnumber 63754
Наличности
Код за отписване Код за изгубен артикул Източник на класификационната схема Код за повреда Коз за рестрикции Код за отдаване Артикулен № Име на библиотеката - собственик Име на библиотеката, в която се намира в момента Статус (Текущо местоположение) Дата на вписване в системата Местоположение - отдел Цена в лева Инвентарен номер Систематично азбучна сигнатура Баркод Номер на екземпляра Цена в евро Служебна бележка Служебен тип на артикула
Изтеглен Не е изгубен Universal Decimal Classification Не е повреден без рестрикции заемане за дома 105670 Регионална библиотека "Любен Каравелов" Русе Регионална библиотека "Любен Каравелов" Русе Заемна - подръчен фонд 2006-09-19 Заемна - подръчен фонд 11.99 120000705181 П 830-31/Д 16 120000705181 1 6.13 Дост: Pk Вид: Ф N: 14 Дата: 05.09.2006 Книги
  Не е изгубен   Не е повреден без рестрикции заемане за дома 105671 Регионална библиотека "Любен Каравелов" Русе Регионална библиотека "Любен Каравелов" Русе Заемна - подръчен фонд 2007-06-22 Заемна - подръчен фонд 11.99 120000714841 П 830-31/Д 16 120000714841 2 6.13 Дост: Pk Вид: Ф N: 5887 Дата: 20.06.2007 Дата инв: 16.02.2018 Бележки инв: П2018 Книги
  Не е изгубен   Не е повреден без рестрикции ползва се в читалня 105672 Регионална библиотека "Любен Каравелов" Русе Регионална библиотека "Любен Каравелов" Русе Хранилище 2008-01-17 Хранилище 11.99 120000722148 Цб 229116 120000722148 3 6.13 Дост: Dp Вид: Д N: 39 Дата: 06.09.2007 Книги
Vip Innovations Ltd, Rousse, Bulgaria 2025